Zwischen Hauptwache und Stockhaus: Kriminalität und Strafjustiz in Thorn im 18. Jahrhundert
| Main Author: | |
|---|---|
| Format: | Print Book |
| Language: | German |
| Published: |
Marburg
Verlag Herder-Inst.
2005
|
| In: |
Materialien und Studien zur Ostmitteleuropa-Forschung (13)
Year: 2005 |
| Online Access: |
Table of Contents Table of Contents Volltext |
| Check availability: | HBZ Gateway |
| Subito Delivery Service: | Order now. |
| Keywords: | |
| Parallel Edition: | Electronic
|
MARC
| LEADER | 00000cam a2200000 c 4500 | ||
|---|---|---|---|
| 001 | 505247623 | ||
| 003 | DE-627 | ||
| 005 | 20260206204530.0 | ||
| 007 | tu | ||
| 008 | 060105s2005 gw ||||| m 00| ||ger c | ||
| 015 | |a 06,N03,0736 |2 dnb | ||
| 015 | |a 06,H06,0709 |2 dnb | ||
| 016 | 7 | |a 977668800 |2 DE-101 | |
| 020 | |a 3879693250 |c kt. : Eur 39.00 |9 3-87969-325-0 | ||
| 035 | |a (DE-627)505247623 | ||
| 035 | |a (DE-603)13502224X | ||
| 035 | |a (DE-576)250428997 | ||
| 035 | |a (DE-599)DNB977668800 | ||
| 035 | |a (OCoLC)255033596 | ||
| 035 | |a (OCoLC)255033596 | ||
| 035 | |a (OCoLC)63514342 | ||
| 035 | |a (AT-OBV)AC05666730 | ||
| 040 | |a DE-627 |b ger |c DE-627 |e rakwb | ||
| 041 | |a ger |b pol | ||
| 044 | |c XA-DE-HE | ||
| 050 | 0 | |a DK4800.T6 | |
| 082 | 0 | 4 | |a 360 |a 943 |
| 084 | |a 360 |a 943 |2 sdnb | ||
| 084 | |a 2 |2 ssgn | ||
| 084 | |a NR 8190 |2 rvk |0 (DE-625)rvk/129829: | ||
| 084 | |a NT 3900 |2 rvk |0 (DE-625)rvk/131062: | ||
| 084 | |a PW 9230 |2 rvk |0 (DE-625)rvk/140995: | ||
| 084 | |a 86.09 |2 bkl | ||
| 084 | |a 86.41 |2 bkl | ||
| 084 | |a 86.33 |2 bkl | ||
| 084 | |a 15.72 |2 bkl | ||
| 100 | 1 | |a Thomsen, Martina |d 1971- |0 (DE-588)1063823536 |0 (DE-627)812637585 |0 (DE-576)423259679 |4 aut | |
| 109 | |a Thomsen, Martina 1971- | ||
| 245 | 1 | 0 | |a Zwischen Hauptwache und Stockhaus |b Kriminalität und Strafjustiz in Thorn im 18. Jahrhundert |c Martina Thomsen |
| 264 | 1 | |a Marburg |b Verlag Herder-Inst. |c 2005 | |
| 300 | |a VIII, 332 S. |b graph. Darst. |c 240 mm x 170 mm | ||
| 336 | |a Text |b txt |2 rdacontent | ||
| 337 | |a ohne Hilfsmittel zu benutzen |b n |2 rdamedia | ||
| 338 | |a Band |b nc |2 rdacarrier | ||
| 490 | 1 | |a Materialien und Studien zur Ostmitteleuropa-Forschung |v 13 | |
| 500 | |a Literaturverz. S. 281-319 | ||
| 502 | |a Zugl.: Kiel, Univ., Diss., 2003/04 | ||
| 546 | |a Zsfassung in poln. Sprache | ||
| 583 | 1 | |a Archivierung prüfen |c 20240324 |f DE-4165 |z 2 |2 pdager | |
| 583 | 1 | |a Archivierung/Langzeitarchivierung gewährleistet |f PEHE |2 pdager |5 DE-34 | |
| 648 | 7 | |a Geschichte 1700-1800 |2 gnd | |
| 650 | 0 | 7 | |0 (DE-588)4033178-7 |0 (DE-627)10458503X |0 (DE-576)209000511 |a Kriminalität |2 gnd |
| 650 | 0 | 7 | |0 (DE-588)4183472-0 |0 (DE-627)105302465 |0 (DE-576)210018860 |a Strafjustiz |2 gnd |
| 650 | 4 | |a Crime |x Poland |x Toruń |x History |x 18th century | |
| 650 | 4 | |a Criminal justice, Administration of |x Poland |x Toruń |x History |x 18th century | |
| 651 | 7 | |0 (DE-588)2024611-0 |0 (DE-627)102169810 |0 (DE-576)191771600 |a Toruń |2 gnd | |
| 651 | 4 | |a Toruń (Poland) |x History |x 18th century | |
| 655 | 7 | |a Hochschulschrift |0 (DE-588)4113937-9 |0 (DE-627)105825778 |0 (DE-576)209480580 |2 gnd-content | |
| 689 | 0 | 0 | |d g |0 (DE-588)2024611-0 |0 (DE-627)102169810 |0 (DE-576)191771600 |a Toruń |2 gnd |
| 689 | 0 | 1 | |d s |0 (DE-588)4033178-7 |0 (DE-627)10458503X |0 (DE-576)209000511 |a Kriminalität |2 gnd |
| 689 | 0 | 2 | |a z |2 gnd |a Geschichte 1700-1800 |
| 689 | 0 | |5 DE-101 | |
| 689 | 1 | 0 | |d g |0 (DE-588)2024611-0 |0 (DE-627)102169810 |0 (DE-576)191771600 |a Toruń |2 gnd |
| 689 | 1 | 1 | |d s |0 (DE-588)4183472-0 |0 (DE-627)105302465 |0 (DE-576)210018860 |a Strafjustiz |2 gnd |
| 689 | 1 | 2 | |a z |2 gnd |a Geschichte 1700-1800 |
| 689 | 1 | |5 DE-101 | |
| 751 | |a Kiel |0 (DE-588)4030481-4 |0 (DE-627)106269801 |0 (DE-576)208987711 |4 uvp | ||
| 776 | 0 | 8 | |i Elektronische Reproduktion |a Thomsen, Martina, 1971 - |t Zwischen Hauptwache und Stockhaus |d Marburg : Verl. Herder-Inst., 2005 |h VIII, 332 Seiten |w (DE-627)1844602672 |z 3879693250 |k Electronic |
| 787 | 0 | 8 | |i Rezensiert in |w (DE-603)394893913 |
| 787 | 0 | 8 | |i Rezensiert in |w (DE-603)394913973 |
| 787 | 0 | 8 | |i Rezensiert in |w (DE-603)394923413 |
| 787 | 0 | 8 | |i Rezensiert in |w (DE-603)394961331 |
| 787 | 0 | 8 | |i Rezensiert in |w (DE-603)394974913 |
| 787 | 0 | 8 | |i Rezensiert in |w (DE-603)394974921 |
| 787 | 0 | 8 | |i Rezensiert in |w (DE-603)39497493X |
| 787 | 0 | 8 | |i Rezensiert in |w (DE-603)394974948 |
| 787 | 0 | 8 | |i Rezensiert in |w (DE-603)395003490 |
| 830 | 0 | |a Materialien und Studien zur Ostmitteleuropa-Forschung |v 13 |9 13 |w (DE-627)320616274 |w (DE-576)063328623 |w (DE-600)2022037-6 |7 am | |
| 856 | 4 | 1 | |u https://nbn-resolving.org/urn:nbn:de:bvb:12-bsb00077837-8 |3 Volltext |7 1 |
| 856 | 4 | 2 | |u http://www.gbv.de/dms/spk/sbb/toc/505247623.pdf |m V:DE-601 |m B:DE-1 |q pdf/application |x Verlag |y Inhaltsverzeichnis |3 Inhaltsverzeichnis |7 1 |
| 856 | 4 | 2 | |u http://scans.hebis.de/HEBCGI/show.pl?13502224_toc.pdf |m V:DE-603;B:DE-Mb50 |q application/pdf |3 Inhaltsverzeichnis |7 1 |
| 935 | |a mkri | ||
| 935 | |i Blocktest | ||
| 936 | r | v | |a NR 8190 |b Thorn |k Geschichte |k Landes- und Stadtgeschichte (Allgemeine, Deutsche und Österreichische Landes- und Stadtgeschichte, Ausländische Stadtgeschichte, Geschichte der Auslanddeutschen) |k Deutsche Landesgeschichte im Einzelnen (einschl. ehemaliger deutscher Gebiete) |k Westpreußen mit Danzig |k Stadtgeschichte |k Einzelne Städte |k Thorn |0 (DE-627)1271656396 |0 (DE-625)rvk/129829: |0 (DE-576)201656396 |
| 936 | r | v | |a NT 3900 |b Strafrecht und Strafprozess (Strafvollzug) |k Geschichte |k Allgemeine Rechts-, Verfassungs- und Verwaltungsgeschichte |k Darstellungen zur Rechts-, Verfassungs- und Verwaltungsgeschichte |k Geschichte einzelner Rechtsinstitute |k Strafrecht und Strafprozess (Strafvollzug) |0 (DE-627)1271538547 |0 (DE-625)rvk/131062: |0 (DE-576)201538547 |
| 936 | r | v | |a PW 9230 |b Polen |k Rechtswissenschaft |k Deutsche und ausländische Rechtsgeschichte |k Europäische Rechtsgeschichte |k Polen |0 (DE-627)1271785293 |0 (DE-625)rvk/140995: |0 (DE-576)201785293 |
| 936 | b | k | |a 86.09 |j Rechtsgeschichte |0 (DE-627)106413481 |
| 936 | b | k | |a 86.41 |j Kriminologie |0 (DE-627)181572001 |
| 936 | b | k | |a 86.33 |j Strafrecht: Allgemeines |0 (DE-627)106422413 |
| 936 | b | k | |a 15.72 |j Polen |x Geschichte |0 (DE-627)181570343 |
| 936 | s | n | |a p100 |2 mzub |
| 936 | s | n | |a m200 |2 mzub |
| 936 | s | n | |a n100 |2 mzub |
| 951 | |a BO | ||
| ELC | |b 1 | ||
| LOK | |0 000 xxxxxcx a22 zn 4500 | ||
| LOK | |0 001 3243950007 | ||
| LOK | |0 003 DE-627 | ||
| LOK | |0 004 505247623 | ||
| LOK | |0 005 20060123163808 | ||
| LOK | |0 008 060123||||||||||||||||ger||||||| | ||
| LOK | |0 040 |a DE-21-62 |c DE-627 |d DE-21-62 | ||
| LOK | |0 852 |a DE-21-62 | ||
| LOK | |0 852 1 |c 28925 |m p |9 00 | ||
| LOK | |0 938 |k p | ||
| LOK | |0 939 |a 23-01-06 |b l01 | ||
| LOK | |0 000 xxxxxcx a22 zn 4500 | ||
| LOK | |0 001 3243950422 | ||
| LOK | |0 003 DE-627 | ||
| LOK | |0 004 505247623 | ||
| LOK | |0 005 20070313113440 | ||
| LOK | |0 008 060201||||||||||||||||ger||||||| | ||
| LOK | |0 040 |a DE-Frei85 |c DE-627 |d DE-Frei85 | ||
| LOK | |0 852 |a DE-Frei85 | ||
| LOK | |0 852 1 |m p |9 00 | ||
| LOK | |0 938 |k p | ||
| LOK | |0 939 |a 01-02-06 |b l01 | ||
| ORI | |a SA-MARC-krimdoka001.raw | ||
| TIM | |a 100017000101_100018001231 |b Geschichte 1700-1800 | ||
